| 000 | 00970nam a22001937a 4500 | ||
|---|---|---|---|
| 005 | 20140627130824.0 | ||
| 010 | _aB-485107-127 | ||
| 020 |
_a9780143066095 _c350.00 |
||
| 035 | _aB-485107-127 | ||
| 037 | _bआकार | ||
| 100 | _aफर्गसन नायाल | ||
| 245 |
_aमुद्रा की माया / _c फर्गसन नायाल; नवेद अकबर द्वारा अनुदित |
||
| 260 |
_aनई दिल्ली _bपेंगुइन बुक्स _c2013 |
||
| 270 |
_a11, कम्युनिटी सेंटर, पंचशील पार्क _bनई दिल्ली _e110017 |
||
| 300 |
_a336 पृ. _c22 सें.मी.(अजिल्द) |
||
| 700 |
_aपांडे, भावना _949538 |
||
| 942 |
_2ddc _cHN |
||
| 999 |
_c85404 _d85404 |
||